All countries by Total Fertility Rate (TFR) in 1950 with a map - Statistics

General Stats
  • This quiz has been taken 55 times
  • The average score is 43 of 184
Answers on the Map
Answers color-coded by a green-red scale on the quiz's map according to % correct below.
 
Answer Stats
Answer TFR % Correct
Samoa 7.63
93%
Rwanda 8.00
79%
Dominican Republic 7.60
71%
Vanuatu 7.60
64%
Honduras 7.50
57%
Afghanistan 7.45
43%
Bolivia 6.89
43%
Burundi 6.80
43%
Colombia 6.76
43%
Ecuador 6.75
43%
Paraguay 6.50
43%
Peru 6.95
43%
Suriname 6.56
43%
Albania 6.23
36%
Algeria 7.28
36%
Angola 7.30
36%
Belize 6.65
36%
Brazil 6.10
36%
Fiji 6.62
36%
Germany 2.13
36%
Guatemala 7.12
36%
Guyana 6.04
36%
Iraq 7.30
36%
Jordan 7.38
36%
Kenya 7.45
36%
Luxembourg 1.98
36%
Mexico 6.75
36%
Nicaragua 7.20
36%
Saint Vincent and the Grenadines 7.33
36%
Tonga 7.30
36%
Turkey 6.69
36%
Uganda 6.90
36%
Venezuela 6.46
36%
Austria 2.10
29%
Bahrain 6.97
29%
Bhutan 6.67
29%
Botswana 6.50
29%
Brunei 6.90
29%
Cambodia 6.95
29%
China 6.02
29%
Côte d'Ivoire 7.42
29%
Egypt 6.75
29%
El Salvador 6.36
29%
Eritrea 6.96
29%
Eswatini 6.70
29%
Ethiopia 7.17
29%
France 2.75
29%
Haiti 6.30
29%
Iran 6.91
29%
Kiribati 6.10
29%
Kuwait 7.20
29%
Latvia 2.00
29%
Libya 7.14
29%
Malawi 6.85
29%
Micronesia 7.20
29%
Morocco 6.61
29%
Mozambique 7.00
29%
Niger 7.30
29%
Oman 7.25
29%
Pakistan 6.60
29%
Papua New Guinea 6.24
29%
Philippines 7.38
29%
Qatar 6.97
29%
Saudi Arabia 7.18
29%
Singapore 6.61
29%
Somalia 7.25
29%
South Africa 6.05
29%
South Sudan 6.65
29%
Sudan 6.65
29%
Syria 7.23
29%
Taiwan 6.71
29%
Tanzania 6.74
29%
Tunisia 6.65
29%
United Arab Emirates 6.97
29%
United Kingdom 2.18
29%
Yemen 7.35
29%
Zimbabwe 6.80
29%
Argentina 3.15
21%
Bangladesh 6.36
21%
Belarus 2.61
21%
Belgium 2.36
21%
Bosnia and Herzegovina 4.82
21%
Bulgaria 2.53
21%
Burkina Faso 6.10
21%
Cabo Verde 6.57
21%
Canada 3.64
21%
Chile 5.15
21%
Croatia 2.73
21%
Czech Republic 2.74
21%
Denmark 2.55
21%
Djibouti 6.31
21%
Estonia 2.06
21%
Finland 3.00
21%
Greece 2.48
21%
Hungary 2.69
21%
Iceland 3.86
21%
Ireland 3.42
21%
Italy 2.36
21%
Lithuania 2.84
21%
Madagascar 7.30
21%
Malaysia 6.35
21%
Maldives 6.03
21%
Mali 6.95
21%
Malta 4.14
21%
Moldova 3.50
21%
Montenegro 4.35
21%
Netherlands 3.05
21%
Nigeria 6.35
21%
North Macedonia 5.06
21%
Norway 2.60
21%
Poland 3.63
21%
Portugal 3.10
21%
Romania 3.06
21%
Russia 2.85
21%
Senegal 6.80
21%
Serbia 3.22
21%
Slovakia 3.50
21%
Slovenia 2.68
21%
Solomon Islands 6.40
21%
Spain 2.53
21%
Sweden 2.24
21%
Switzerland 2.31
21%
Thailand 6.14
21%
Timor-Leste 6.44
21%
Ukraine 2.81
21%
United States 3.31
21%
Zambia 6.70
21%
Antigua and Barbuda 4.50
14%
Australia 3.18
14%
Bahamas 4.05
14%
Barbados 4.42
14%
Chad 6.10
14%
Comoros 6.00
14%
Costa Rica 5.95
14%
Cuba 4.15
14%
Ghana 6.44
14%
Grenada 5.80
14%
Guinea 6.00
14%
Jamaica 4.22
14%
Liberia 6.27
14%
Mauritania 6.34
14%
Myanmar 6.00
14%
New Zealand 3.69
14%
Panama 5.76
14%
Saint Lucia 6.00
14%
São Tomé and Príncipe 6.20
14%
Sierra Leone 6.03
14%
Togo 6.33
14%
Trinidad and Tobago 5.30
14%
Armenia 4.49
7%
Azerbaijan 5.20
7%
Benin 5.86
7%
Central African Republic 5.52
7%
Cyprus 3.70
7%
Democratic Republic of the Congo 5.98
7%
Georgia 2.75
7%
India 5.90
7%
Indonesia 5.49
7%
Israel 4.28
7%
Japan 2.96
7%
Kazakhstan 4.41
7%
Kyrgyzstan 4.36
7%
Laos 5.94
7%
Lebanon 5.74
7%
Lesotho 5.84
7%
Mongolia 5.60
7%
Nepal 5.96
7%
North Korea 3.46
7%
South Korea 5.65
7%
Sri Lanka 5.80
7%
Tajikistan 5.40
7%
Turkmenistan 5.30
7%
Uruguay 2.73
7%
Uzbekistan 5.30
7%
Vietnam 5.40
7%
Cameroon 5.49
0%
Equatorial Guinea 5.67
0%
Gabon 3.99
0%
Gambia 5.29
0%
Guinea-Bissau 5.90
0%
Mauritius 5.90
0%
Namibia 6.00
0%
Republic of the Congo 5.68
0%
Seychelles 5.00
0%
No matching quizzes found
Score Distribution
Percent of People with Each Score
Percentile by Number Answered
Your Score History
You have not taken this quiz